005930000a2200169000450024501980000065000260019865000220022465000240024665000130027065300140028365300220029704100130031970000210033270000160035310000190036977300350038810aRandom amplified polymorphic ADN markers for ADN fingerprinting and genetic variability assessment of minute parasitic wasp species () used in biol14aAnálisis genético14aMapas genéticos14aControl biológico14aInsectos fMymaridae fTrichogrammatidae0 aInglés1 aDextraze, Louise1 aBoivin, Guy1 aLandry, Benoit1 tGenome3680h36q580-587d1993